Digital Twin & Factory Twin

Informácie o novej technológii digitálnom dvojčati. Popis vývoja nového produktu Factory Twin.

Guardado en:
Detalles Bibliográficos
Autor principal: Gregor, Tomáš
Otros Autores: Gregor, Martin, Grznár, Patrik
Formato: Capítulo de libro
Lenguaje:inglés
eslovaco
Materias:
Etiquetas: Agregar Etiqueta
Sin Etiquetas, Sea el primero en etiquetar este registro!

MARC

LEADER 00000naa a2200000 4500
001 0248652
005 20240426132328.8
041 0 |a eng 
041 0 |a slo 
044 |a SK 
245 1 0 |a Digital Twin & Factory Twin  |c Tomáš Gregor, Martin Gregor, Patrik Grznár 
520 |a Informácie o novej technológii digitálnom dvojčati. Popis vývoja nového produktu Factory Twin. 
610 2 0 |a podnik digitálny 
610 2 0 |a dvojča digitálne 
610 2 0 |a priemysel 4.0 
610 2 0 |a technológie nové 
610 2 0 |a automatizácia výroby 
100 1 |a Gregor, Tomáš 
700 1 |a Gregor, Martin 
700 1 |a Grznár, Patrik